LEADER 01323nam a2200265 i 4500 001 000000253274 003 CaOOAMICUS 005 20200708174845.0 008 170310s1745 it u000 u ita u 013 $a232179 026 $ae,ol adn- m-i- data (3) 1745 (R) 040 $aSeMil$bita 100 1 $aBourdaloue, Louis,$c.$0(OLS)http://semarc/name/5823 245 10$aEsortazioni ed istruzioni cristiane del padre Luigi Bourdaloue della Compagnia di Gesù. Traduzione dal francese nell'italiano. 260 $aIn Venezia :$bPresso Niccolò Pezzana,$c1745. 300 $a[8], 307, [1] p. ;$c4º. 500 $aVignetta allegorica xilogr. su front. - Testo a due colonne. - Iniz, fregi xilogr. - Segn.: pg4 A-S8 T10. 650 4$aPredicazione - Testi.$0(OLS)http://semarc/subject/510 700 1 $aPezzana, Nicolò,$c.$0(OLS)http://semarc/name/2800 850 $aSeMil 852 $aSeMil$W1$xVenegono$y1$m3D V 102 FA$j203620$B203620$CSeMilBibl$Z2$F216684 $8I 961 $aOmaggio: Altro 996 $6245$aEsortazioni ed istruzioni cristiane del padre Luigi Bourdaloue della Compagnia di Gesù. Traduzione dal francese nell'italiano$9(OLS)http://semarc/title/68931 996 $6260$aIn Venezia :$bPresso Niccolò Pezzana$9(OLS)http://semarc/publisher/38851 LEADER 01026nam a2200277 i 4500 001 000000096399 003 CaOOAMICUS 005 20060523000000.0 008 060523s1985 it u000 u ita u 013 $a68641 040 $aSeMil$bita 100 1 $aBurgess, Anthony,$d<1917-1993>.$0(OLS)http://semarc/name/90383 240 14$aThe end of world news.$0(OLS)http://semarc/title/119416 245 13$aLa fine della storia /$cAnthony Burgess ; traduzione di Liana Burgess. 260 $aMilano :$bRizzoli,$c1985. 300 $a485 p. ;$c23 cm. 490 0 $aLa scala 500 $aFondo Ciprandi. 700 1 $aBurgess, Liana.$0(OLS)http://semarc/name/36542 830 3$aLa scala.$0(OLS)http://semarc/title/7359 850 $aSeMil 852 $aSeMil$W1$xVenegono$y1$m1V V 223$j56116$B56116$CSeMilBibl$Z2$F64000 $81 941 1 $a1 961 $aOmaggio: Ciprandi dott. Paolo 996 $6245$aLa fine della storia$9(OLS)http://semarc/title/119415 996 $6260$aMilano :$bRizzoli$9(OLS)http://semarc/publisher/29824